Книга погромов (Запись № 904687)

Подробности
000 -МАРКЕР
контрольное поле 02055nam0a22003851 4500
001 - ИДЕНТИФИКАТОР ЗАПИСИ
контрольное поле RU\NLR\bibl\1068109
005 - ИДЕНТИФИКАТОР ВЕРСИИ
контрольное поле 20260407133721.0
010 ## - МЕЖДУНАРОДНЫЙ СТАНДАРТНЫЙ НОМЕР КНИГИ (ISBN)
Номер (ISBN) 5-8243-0816-0
Тираж 1500
021 ## - НОМЕР ГОСУДАРСТВЕННОЙ РЕГИСТРАЦИИ
Код страны Российская Федерация
Номер 2007-10996
Номер Листа государственной регистраци 589
035 ## - ДРУГИЕ СИСТЕМНЫЕ НОМЕРА
Идентификатор записи (NLR Aleph) 001055356
100 ## - ДАННЫЕ ОБЩЕЙ ОБРАБОТКИ
Данные общей обработки 20070403d2007 |||y0rusy50 ca
101 0# - ЯЗЫК РЕСУРСА
Язык текста, звукозаписи и т.д. русский
102 ## - СТРАНА ПУБЛИКАЦИИ ИЛИ ПРОИЗВОДСТВА
Страна публикации Российская Федерация
105 ## - ПОЛЕ КОДИРОВАННЫХ ДАННЫХ: ТЕКСТОВЫЕ МАТЕРИАЛЫ, МОНОГРАФИЧЕСКИЕ
Кодированные данные о монографическом текстовом документе a |||||||||
200 1# - ЗАГЛАВИЕ И СВЕДЕНИЯ ОБ ОТВЕТСТВЕННОСТИ
Основное заглавие Книга погромов
Сведения, относящиеся к заглавию погромы на Украине, в Беларуссии и европейской части России в период Гражданской войны 1918-1922 гг.
-- сборник документов
Первые сведения об ответственности Рос. акад. наук, Ин-т славяноведения, Гос. архив Рос. Федерации
Последующие сведения об ответственности отв. ред.: Зюзина И.А. [и др.]
-- отв. ред. Милякова Л.Б.
210 ## - ПУБЛИКАЦИЯ, РАСПРОСТРАНЕНИЕ И ДР.
Место издания, распространения и т.д. Москва
Имя издателя, распространителя и т. д. РОССПЭН
Дата издания, распространения и т.д. 2007
215 ## - ФИЗИЧЕСКАЯ ХАРАКТЕРИСТИКА
Специфическое обозначение материала и объем 994,[1] с., [10] л. ил., портр., карт.
Размеры 25
320 ## - ПРИМЕЧАНИЯ О НАЛИЧИИ В ДОКУМЕНТЕ БИБЛИОГРАФИИ / УКАЗАТЕЛЯ
Текст примечания Библиогр. в конце документов
320 ## - ПРИМЕЧАНИЯ О НАЛИЧИИ В ДОКУМЕНТЕ БИБЛИОГРАФИИ / УКАЗАТЕЛЯ
Текст примечания Имен. указ.: с. 924-948
320 ## - ПРИМЕЧАНИЯ О НАЛИЧИИ В ДОКУМЕНТЕ БИБЛИОГРАФИИ / УКАЗАТЕЛЯ
Текст примечания Геогр. указ.: с. 949-969
606 1# - НАИМЕНОВАНИЕ ТЕМЫ КАК ПРЕДМЕТ
Наименование темы Еврейские погромы
Формальный подзаголовок Документы и материалы
Географический подзаголовок Белоруссия
Хронологический подзаголовок 1918 - 1922
Системный номер авторитетной/нормативной записи 2470293
Идентификатор авторитетной/нормативной записи RU\NLR\auth\661467234
606 1# - НАИМЕНОВАНИЕ ТЕМЫ КАК ПРЕДМЕТ
Наименование темы Еврейские погромы
Формальный подзаголовок Документы и материалы
Географический подзаголовок Россия
-- Европейская часть
Хронологический подзаголовок 1918 - 1922
Системный номер авторитетной/нормативной записи 2470287
Идентификатор авторитетной/нормативной записи RU\NLR\auth\661467232
606 1# - НАИМЕНОВАНИЕ ТЕМЫ КАК ПРЕДМЕТ
Наименование темы Еврейские погромы
Формальный подзаголовок Документы и материалы
Географический подзаголовок Украина
Хронологический подзаголовок 1918 - 1922
Системный номер авторитетной/нормативной записи 2470289
Идентификатор авторитетной/нормативной записи RU\NLR\auth\661467233
686 ## - ИНДЕКСЫ ДРУГИХ КЛАССИФИКАЦИЙ
Индекс Т3(29=Е)7,01
702 #1 - ИМЯ ЛИЦА - ВТОРИЧНАЯ ОТВЕТСТВЕННОСТЬ
Начальный элемент ввода Зюзина
Часть имени, кроме начального элемента ввода И. А.
Код отношения Составитель
702 #1 - ИМЯ ЛИЦА - ВТОРИЧНАЯ ОТВЕТСТВЕННОСТЬ
Начальный элемент ввода Милякова
Часть имени, кроме начального элемента ввода Л. Б.
Код отношения Редактор
712 02 - НАИМЕНОВАНИЕ ОРГАНИЗАЦИИ - ВТОРИЧНАЯ ОТВЕТСТВЕННОСТЬ
Код отношения Прочие
Начальный элемент ввода Институт славяноведения
Идентифицирующий признак Москва
Системный номер авторитетной/нормативной записи 495381
Идентификатор авторитетной/нормативной записи RU\NLR\AUTH\889998985
801 #0 - ИСТОЧНИК ЗАПИСИ
Страна Российская Федерация
Организация NLR
Дата составления 20070403
Правила каталогизации RCR
801 #1 - ИСТОЧНИК ЗАПИСИ
Страна Российская Федерация
Организация NLR
Дата составления 20070403
852 ## - МЕСТОНАХОЖДЕНИЕ И ШИФР ХРАНЕНИЯ
Идентификатор организации NLR
Наименование фонда или коллекции (Sub-Location Identifier) ОЛСАА-сл-спр
Шифр хранения (Call Number) 3-4552
942 ## - ДОПОЛНИТЕЛЬНЫЕ ЭЛЕМЕНТЫ ЗАПИСИ (АБИС)
Тип экземпляра АБИС Книга
980 ## - КОЛЛЕКЦИЯ
Название коллекции Национальная библиография
980 1# - КОЛЛЕКЦИЯ
Название коллекции ОЛСАА Словарно-справочная
Экземпляры
Тип экземпляра Дата поступления Источник поступления Библиотека постоянного хранения Библиотека текущего хранения Место хранения Шифр хранения Штрих-код Статус экземпляра
Книга 03.04.2007 Обязательный экземпляр РНБ (Московский) РНБ (Московский) Русский книжный фонд: издания с 1957 года 2007-7/1998 1-861325  
Книга 03.04.2007 Обязательный экземпляр РНБ (Московский) РНБ (Московский) Русский книжный фонд: издания с 1957 года 2007-7/1998 2402383  
Книга 01.08.2007 Контрольный экземпляр из типографии РНБ (Московский) РНБ (Московский) Фонд литературы на языках стран Азии и Африки, подручный   2481084  
Книга 13.08.2007 Контрольный экземпляр из типографии РНБ (Московский) РНБ (Московский) Обменный фонд, без заказа   2486460  
Книга 13.08.2007 Контрольный экземпляр из типографии РНБ (Московский) РНБ (Московский) Обменный фонд, без заказа   2486461  
Книга 13.08.2007 Подсобные фонды РНБ РНБ (Садовая) РНБ (Садовая) Фонд международного книгообмена   2486462